Statistics for Picture Quiz: Wales

Click here to take the quiz!

General Stats

  • This quiz has been taken 34 times
  • The average score is 10 of 16

Answer Stats

Answer% Correct
Leek
97%
Cardiff
94%
St. David
82%
Daffodil
79%
Snowdonia
76%
Anglesey
70%
Richard Burton
70%
Brecon Beacons
64%
David Lloyd George
64%
Dylan Thomas
61%
Catherine Zeta-Jones
58%
Shirley Bassey
58%
Caernarfon Castle
45%
Gareth Edwards
33%
Tanni Grey-Thompson
30%
Pembrokeshire Coast
21%

Score Distribution

Percentile by Number Answered

Percent of People with Each Score

Your Score History

You have not taken this quiz